Mine eyes have seen the glory. (Record no. 7441)
[ view plain ]
| 000 -LEADER | |
|---|---|
| fixed length control field | 00711cam a2200253 4500 |
| 001 - CONTROL NUMBER | |
| control field | 3212449 |
| 003 - CONTROL NUMBER IDENTIFIER | |
| control field | GBCCL |
| 005 - DATE AND TIME OF LATEST TRANSACTION | |
| control field | 20241126110628.0 |
| 008 - FIXED-LENGTH DATA ELEMENTS--GENERAL INFORMATION | |
| fixed length control field | 700525s1970 njuac 000 0aeng |
| 010 ## - | |
| -- | 78096246 |
| 040 ## - CATALOGING SOURCE | |
| Original cataloging agency | DLC |
| Transcribing agency | DLC |
| Modifying agency | DLC |
| 050 00 - | |
| -- | ML420.B84 |
| -- | A3 |
| 082 00 - DEWEY DECIMAL CLASSIFICATION NUMBER | |
| Classification number | 784.092 |
| -- | B |
| Item number | BRY |
| 100 1# - MAIN ENTRY--PERSONAL NAME | |
| Personal name | Bryant, Anita. |
| 9 (RLIN) | 13141 |
| 245 10 - TITLE STATEMENT | |
| Title | Mine eyes have seen the glory. |
| 260 ## - PUBLICATION, DISTRIBUTION, ETC. | |
| Place of publication, distribution, etc. | Old Tappan, N.J., |
| Name of publisher, distributor, etc. | Revell |
| Date of publication, distribution, etc. | [1970] |
| 300 ## - PHYSICAL DESCRIPTION | |
| Extent | 159 p. |
| Other physical details | illus., ports. |
| Dimensions | 21 cm. |
| 350 ## - PRICE (NR) (BK AM CF MU VM SE) [OBSOLETE] | |
| Price | 3.95 |
| 500 ## - GENERAL NOTE | |
| General note | Autobiographical. |
| 600 10 - SUBJECT ADDED ENTRY--PERSONAL NAME | |
| Personal name | Bryant, Anita. |
| 9 (RLIN) | 13141 |
| 650 #0 - SUBJECT ADDED ENTRY--TOPICAL TERM | |
| Topical term or geographic name entry element | Singers |
| Geographic subdivision | United States |
| Form subdivision | Biography. |
| 9 (RLIN) | 13142 |
| 906 ## - LOCAL DATA ELEMENT F, LDF (RLIN) | |
| a | 7 |
| b | cbc |
| c | orignew |
| d | u |
| e | ncip |
| f | 19 |
| g | y-gencatlg |
| 942 ## - ADDED ENTRY ELEMENTS (KOHA) | |
| Source of classification or shelving scheme | Dewey Decimal Classification |
| Koha item type | Books |
| Koha issues (borrowed), all copies | 1 |
| Withdrawn status | Lost status | Source of classification or shelving scheme | Damaged status | Not for loan | Home library | Current Library | Shelving location | Date acquired | Total checkouts | Full call number | Barcode | Date last seen | Date last checked out | Copy number | Price effective from | Koha item type |
|---|---|---|---|---|---|---|---|---|---|---|---|---|---|---|---|---|
| Dewey Decimal Classification | GRACE BIBLE COLLEGE | GRACE BIBLE COLLEGE | General Studies | 2018-08-07 | 1 | 784.092 BRY | 002580 | 2025-05-01 | 2022-09-20 | c.1 | 2018-08-07 | Books |